00567cas a2200181 a 450000500170000000800410001704000230005804100080008104400070008924500310009626000600012730000300018731000060021765000430022365000400026665000570030671000220036320181008110226.0000126c19650000ck tr p r 0 0b0spa d aie ciedCO-BoIAVH0 aspa ack00aRevista Universidad EAFIT. aMedellín (Colombia) : bUniversidad EAFIT, c1965- . bilustraciones y tablas ;  af26aEconomíavPublicaciones periódicas26aCienciavPublicaciones periódicas26aMedio ambientevPublicaciones periódicaszColombia2 aUniversidad EAFIT